Normal view
MARC view
- Shapiro, Howard N
Entry Personal Name
001 - CONTROL NUMBER
- control field: 87123
003 - CONTROL NUMBER IDENTIFIER
- control field: NUST
005 - DATE AND TIME OF LATEST TRANSACTION
- control field: 20211230103114.0
008 - FIXED-LENGTH DATA ELEMENTS
- fixed length control field: 211230|| aca||aabn | a|a d
040 ## - CATALOGING SOURCE
- Original cataloging agency: NUST
- Transcribing agency: NUST
100 ## - HEADING--PERSONAL NAME
- Personal name: Shapiro, Howard N
670 ## - SOURCE DATA FOUND
- Source citation: Work cat.: (NUST)31517: Moran, Michael J. 87119, Fundamentals of Engineering Thermodynamics /, c2008.
